000 01230nam a22002657a 4500
005 20251028132629.0
008 131204t mx ||||| |||| 00| 0 spa d
020 _a9701016939
050 0 4 _aHD30.28
_bT46 1998
100 1 _aThompson, Arthur A. Jr.
_e1940-
240 1 _aStrategic management : concepts & cases ; strategy formulation and implementation
_lEspañol
245 1 0 _aDirección y administración estratégicas
_b : conceptos, casos y lecturas
_c / Arthur A. Thompson, Jr., A.J. Strickland III ; versión española de Patricia Ibarra Colado y Miguel Ángel Sánchez Carrión ; con la colaboración de Joan María Amat i Salas.
250 _a1a ed.
260 _aMéxico, D.F. :
_bMcGraw-Hill Interamericana Editores,
_c1998
300 _axx, 1034 p. :
_bil. ,
_c26 cm.
500 _aIncluye índice
500 _aTraducción de la 6a ed. en inglés / a la 1a ed. en español.
650 7 _2lemb
_aPlanificación estratégica
650 7 _2lemb
_aPlanificación estratégica
_vEstudio
700 1 _aStrickland III, A.J.
_eautor
700 1 _aIbarra Colado, Patricia
_etraductora
700 1 _aSánchez Carrión, Miguel Ángel
_etraductor
700 1 _aAmat i Salas, Joan María
_ecolaborador
942 _2lcc
_cLIB
999 _c46425
_d46425